Months of the year in Turkish - Statistics

General Stats
  • This quiz has been taken 102 times
  • The average score is 10 of 12
Answer Stats
Answer % Correct
Mart
91%
Şubat
91%
Nisan
89%
Mayis
88%
Ocak
86%
Haziran
84%
Ağustos
80%
Aralik
80%
Kasim
80%
Ekim
79%
Eylül
79%
Temmuz
77%
No matching quizzes found
Score Distribution
Percent of People with Each Score
Percentile by Number Answered
Your Score History
You have not taken this quiz